Les villes françaises qui ont un club de sport collectif professionnel - Statistiques

Statistiques générales
  • Ce quiz a été pris 33 fois
  • Le résultat moyen est 65 sur 106
Statistiques - réponses
Sport Ville Région % Correct
Football Volleyball Hockey Nice Provence-Alpes-Côte d'Azur
100%
Rugby Hockey Bordeaux Nouvelle-Aquitaine
97%
Football Lille Hauts-de-France
97%
Football Basketball Reims Grand-Est
97%
Football Handball Rennes Bretagne
97%
Football Basketball Strasbourg Grand-Est
97%
Football Rugby Handball Volleyball Toulouse Occitanie
97%
Football Handball Hockey Angers Pays de la Loire
94%
Football Basketball Handball Dunkerque Hauts-de-France
94%
Football Rugby Hockey Grenoble Auvergne-Rhône-Alpes
94%
Football Lens Hauts-de-France
94%
Football Hockey Marseille Provence-Alpes-Côtes d'Azur
94%
Football Rugby Basketball Handball Volleyball Paris Île-de-France
94%
Football Rugby Lyon Auvergne-Rhône-Alpes
90%
Football Metz Grand-Est
90%
Rugby Basketball Toulon Provence-Alpes-Côte d'Azur
90%
Football Hockey Amiens Hauts-de-France
87%
Football Basketball Handball Dijon Bourgogne-Franche-Comté
87%
Football Guingamp Bretagne
87%
Football Rugby Handball Volleyball Montpellier Occitanie
87%
Football Basketball Handball Hockey Nantes Bretagne
87%
Rugby Perpignan Occitanie
87%
Football Basketball Hockey Rouen Normandie
87%
Volleyball Tours Centre-Val-de-Loire
87%
Football Brest Bretagne
84%
Rugby Basketball La Rochelle Nouvelle-Aquitaine
84%
Football Basketball Monaco Monaco
84%
Football Basketball Handball Nancy Grand-Est
84%
Football Rugby Basketball Handball Pau Nouvelle-Aquitaine
84%
Football Annecy Auvergne-Rhône-Alpes
81%
Rugby Bayonne Nouvelle-Aquitaine
81%
Football Basketball Handball Caen Normandie
81%
Football Rugby Basketball Clermont-Ferrand Auvergne-Rhône-Alpes
81%
Football Le Havre Normandie
81%
Football Basketball Le Mans Pays de la Loire
81%
Football Lorient Bretagne
81%
Football Rodez Occitanie
81%
Football Saint-Étienne Auvergne-Rhône-Alpes
81%
Rugby Biarritz Nouvelle-Aquitaine
77%
Handball Nîmes Provence-Alpes-Côte d'Azur
77%
Football Basketball Orléans Centre-Val de Loire
77%
Football Troyes Grand-Est
77%
Football Bastia Corse
74%
Football Laval Normandie
74%
Rugby Vannes Bretagne
74%
Rugby Basketball Nanterre Île-de-France
71%
Football Auxerre Bourgogne-Franche-Comté
68%
Volleyball Cannes Provence-Alpes-Côte d'Azur
68%
Handball Chartres Centre-Val-de-Loire
68%
Basketball Handball Limoges Nouvelle-Aquitaine
68%
Basketball Volleyball Poitiers Nouvelle-Aquitaine
68%
Rugby Angoulême Nouvelle-Aquitaine
65%
Rugby Montauban Occitanie
65%
Rugby Volleyball Narbonne Occitanie
65%
Rugby Handball Valence Auvergne-Rhône-Alpes
65%
Rugby Agen Nouvelle-Aquitaine
61%
Handball Besançon Bourgogne-Franche-Comté
61%
Rugby Béziers Occitanie
61%
Football Boulogne-sur-Mer Hauts-de-France
61%
Rugby Castres Occitanie
61%
Basketball Chalon-sur-Saône Bourgogne-Franche-Comté
61%
Rugby Handball Chambéry Auvergne-Rhône-Alpes
61%
Basketball Évreux Normandie
61%
Rugby Nevers Bourgogne-Franche-Comté
61%
Football Basketball Bourg-en-Bresse Auvergne-Rhône-Alpes
58%
Basketball Cholet Pays-de-la-Loire
58%
Rugby Dax Nouvelle-Aquitaine
58%
Rugby Mont-de-Marsan Nouvelle-Aquitaine
58%
Volleyball Saint-Nazaire Pays de la Loire
58%
Basketball Villeurbanne Auvergne-Rhône-Alpes
58%
Rugby Handball Aix-en-Provence Provence-Alpes-Côte d'Azur
55%
Basketball Antibes Provence-Alpes-Côte d'Azur
55%
Basketball Blois Centre-Val-de-Loire
55%
Rugby Brive-la-Gaillarde Occitanie
55%
Volleyball Tourcoing Hauts-de-France
55%
Handball Cherbourg-en-Cotentin Normandie
48%
Handball Créteil Île-de-France
48%
Basketball Roanne Auvergne-Rhône-Alpes
48%
Volleyball Sète Provence-Alpes-Côte d'Azur
48%
Handball Istres Provence-Alpes-Côte d'Azur
45%
Volleyball Chaumont Grand-Est
42%
Rugby Colomiers Occitanie
42%
Rugby Oyonnax Provence-Alpes-Côte d'Azur
42%
Football Saint-Ouen Île-de-France
39%
Basketball Saint-Quentin Hauts-de-France
39%
Hockey Anglet Nouvelle-Aquitaine
35%
Hockey Briançon Provence-Alpes-Côte d'Azur
35%
Basketball Boulazac Nouvelle-Aquitaine
29%
Handball Saint-Raphaël Provence-Alpes-Côte d'Azur
29%
Basketball Le Portel Hauts-de-France
26%
Handball Sélestat Grand-Est
26%
Basketball Denain Hauts-de-France
23%
Handball Massy Île-de-France
23%
Handball Saran Centre-Val de Loire
23%
Handball Ivry-sur-Seine Île-de-France
19%
Basketball Saint-Chamond Auvergne-Rhône-Alpes
19%
Handball Sarrebourg Grand-Est
19%
Hockey Cergy-Pontoise Île-de-France
13%
Hockey Chamonix Auvergne-Rhône-Alpes
13%
Basketball Aix-les-Bains Auvergne Rhône Alpes
10%
Volleyball Plessis-Robinson Île-de-France
10%
Handball Tremblay-en-France Bretagne
10%
Handball Cournon Auvergne-Rhône-Alpes
6%
Handball Frontignan Occitanie
6%
Handball Pontault-Combault Île-de-France
3%
Basketball Souffelweyersheim Grand-Est
0%
Aucun quiz correspondant
Distribution des résultats
% des personnes avec chaque résultat
Percentile par nombre de réponses
Votre historique - résultats
Vous n’avez pas pris ce quiz